[Event "DEN-ch Rapid"]
[Site "Snekkersten"]
[Date "2024.08.31"]
[Round "1"]
[White "Hector, Jonny"]
[Black "Nielsen, Frode Benedikt"]
[Result "1-0"]
[WhiteElo "2438"]
[BlackElo "1974"]
[PlyCount "127"]
[EventDate "2024.08.31"]
[EventType "swiss (rapid)"]
[EventRounds "9"]
[EventCountry "DEN"]
[SourceTitle "CBM 221 Extra"]
[Source "ChessBase"]
[SourceDate "2024.09.30"]
[SourceVersion "1"]
[SourceVersionDate "2024.09.30"]
[SourceQuality "1"]

1. e4 e5 2. Nf3 Nf6 3. Nc3 Bb4 4. Nxe5 Bxc3 5. dxc3 0-0 6. Bc4 Qe7 7. Nf3 Nxe4 8. 0-0 c6 9. Bd3 d5 10. c4 Bg4 11. h3 Bh5 12. cxd5 cxd5 13. Be2 Rd8 14. Nd4 Bxe2 15. Qxe2 Nc6 16. Nxc6 bxc6 17. f3 Qc5+ 18. Qe3 Qxe3+ 19. Bxe3 Ng3 20. Rfe1 d4 21. Bf2 Nh5 22. Rad1 c5 23. Re5 Nf4 24. Rxc5 Rac8 25. Rxc8 Rxc8 26. Rd2 h6 27. Bxd4 Rc4 28. Be3 Ne6 29. Kf2 a6 30. b3 Rc3 31. Bb6 Kh7 32. Ba5 Rc5 33. Bb4 Rb5 34. Bd6 g5 35. c4 Ra5 36. a4 h5 37. Rd5 Rxd5 38. cxd5 Nd4 39. Be7 Nxb3 40. Bxg5 Kg6 41. Bd8 Kf5 42. Bc7 Nc5 43. g4+ hxg4 44. hxg4+ Kg5 45. a5 f5 46. gxf5 Kxf5 47. Ke3 Nd7 48. Kd4 Kf6 49. Bg3 Kf5 50. d6 Ke6 51. Bh2 Nb8 52. Kc5 Kd7 53. Kb6 Kd8 54. Kb7 Nd7 55. Kxa6 Kc8 56. Kb5 Kb7 57. a6+ Ka7 58. Bg1+ Kb8 59. Bd4 Nf8 60. Kc6 Ne6 61. Bb6 Nf8 62. d7 Ne6 63. Kd6 Nc7 64. d8R# 1-0

[Event "Nordkalottens Rapid"]
[Site "Gilleleje"]
[Date "2022.11.06"]
[Round "2"]
[White "Nielsen, Frode Benedikt"]
[Black "Hector, Jonny"]
[Result "0-1"]
[WhiteElo "1918"]
[BlackElo "2447"]
[PlyCount "42"]
[EventDate "2022.11.06"]
[EventType "tourn (rapid)"]
[EventRounds "7"]
[EventCountry "DEN"]
[EventCategory "3"]
[SourceTitle "CBM 211 Extra"]
[Source "ChessBase"]
[SourceDate "2023.01.31"]
[SourceVersion "1"]
[SourceVersionDate "2023.01.31"]
[SourceQuality "1"]

1. c4 e5 2. e3 Nf6 3. b3 d5 4. Bb2 d4 5. exd4 exd4 6. d3 Bb4+ 7. Nd2 0-0 8. a3 Bc3 9. Qc2 Re8+ 10. Be2 Bxb2 11. Qxb2 Bf5 12. 0-0-0 c5 13. f3 Re3 14. Nf1 Re6 15. Ng3 Bg6 16. Nh3 b5 17. Nf4 Rb6 18. h4 bxc4 19. dxc4 Nc6 20. h5 Qb8 21. Nd5 Rxb3 0-1

[Event "Nordkalottens Rapid"]
[Site "Gilleleje"]
[Date "2022.11.06"]
[Round "7"]
[White "Nielsen, Frode Benedikt"]
[Black "Sylvan, Jacob"]
[Result "0-1"]
[WhiteElo "1918"]
[BlackElo "2316"]
[PlyCount "60"]
[EventDate "2022.11.06"]
[EventType "tourn (rapid)"]
[EventRounds "7"]
[EventCountry "DEN"]
[EventCategory "3"]
[SourceTitle "CBM 211 Extra"]
[Source "ChessBase"]
[SourceDate "2023.01.31"]
[SourceVersion "1"]
[SourceVersionDate "2023.01.31"]
[SourceQuality "1"]

1. c4 g6 2. e3 Bg7 3. Nc3 Nf6 4. b3 0-0 5. Bb2 e5 6. Be2 d5 7. h4 d4 8. exd4 exd4 9. Nb5 a6 10. Na3 d3 11. Bf3 Nc6 12. Bxc6 bxc6 13. Qf3 Bg4 14. Bxf6 Qe8+ 15. Qe3 Bxf6 16. f3 Bxa1 17. fxg4 Qd7 18. Kd1 Rae8 19. Qf3 Qe7 20. Nh3 Qxa3 21. h5 Qxa2 22. Qxd3 Rd8 23. Qc2 Qxc2+ 24. Kxc2 Bg7 25. Nf2 Rfe8 26. hxg6 hxg6 27. Nd3 Re2 28. Rf1 Rxg2 29. Rf4 Bh6 30. Re4 Rxd2+ 0-1

[Event "DEN-ch Seniors 50"]
[Site "Logumkloster"]
[Date "2020.02.15"]
[Round "7"]
[White "Beckovic, Dzano"]
[Black "Nielsen, Frode Benedikt"]
[Result "0-1"]
[WhiteElo "1691"]
[BlackElo "1901"]
[PlyCount "26"]
[EventDate "2020.02.09"]
[EventType "swiss"]
[EventRounds "7"]
[EventCountry "DEN"]
[SourceTitle "EXT 2021"]
[Source "ChessBase"]
[SourceDate "2020.10.23"]
[SourceVersion "1"]
[SourceVersionDate "2020.10.23"]
[SourceQuality "1"]

1. f4 e5 2. fxe5 d6 3. Nf3 Nc6 4. g3 dxe5 5. d3 Nf6 6. e4 Bc5 7. Bg2 Ng4 8. Rf1 0-0 9. h3 Ne3 10. Bxe3 Bxe3 11. Qe2 Bh6 12. Nbd2 Nd4 13. 0-0-0 Nxe2+ 0-1

[Event "Copenhagen Whitsun op"]
[Site "Copenhagen"]
[Date "2014.06.05"]
[Round "1"]
[White "Nielsen, Frode Benedikt"]
[Black "Holmso, Finn"]
[Result "0-1"]
[WhiteElo "2024"]
[BlackElo "2025"]
[PlyCount "48"]
[EventDate "2014.06.03"]
[EventType "swiss"]
[EventRounds "9"]
[EventCountry "DEN"]
[SourceTitle "EXT 2015"]
[Source "ChessBase"]
[SourceDate "2014.11.20"]
[SourceVersion "1"]
[SourceVersionDate "2014.11.20"]
[SourceQuality "1"]

1. e4 d6 2. Bc4 Nf6 3. d3 e5 4. Nc3 c6 5. f4 Be7 6. Nf3 Nbd7 7. fxe5 Nxe5 8. Nxe5 dxe5 9. Qf3 0-0 10. Qf2 Ng4 11. Qf3 b5 12. Bb3 Bc5 13. Nd1 Qh4+ 14. g3 Qh3 15. Ne3 Kh8 16. Nxg4 Bxg4 17. Qf1 Qh5 18. h3 Bf3 19. g4 Qh4+ 20. Kd2 Bxh1 21. Qxh1 Qf2+ 22. Kc3 Bd4+ 23. Kb4 a5+ 24. Ka3 Bc5# 0-1

[Event "Dortmund Sparkassen op-A"]
[Site "Dortmund"]
[Date "2013.08.04"]
[Round "9"]
[White "Schorra, Helmut"]
[Black "Nielsen, Frode Benedikt"]
[Result "0-1"]
[WhiteElo "2083"]
[BlackElo "2015"]
[PlyCount "68"]
[EventDate "2013.07.27"]
[EventType "swiss"]
[EventRounds "9"]
[EventCountry "GER"]
[SourceTitle "CBM 155 Extra"]
[Source "ChessBase"]
[SourceDate "2013.08.26"]
[SourceVersion "1"]
[SourceVersionDate "2013.08.26"]
[SourceQuality "1"]

1. d4 Nf6 2. c4 c5 3. d5 e6 4. Nc3 exd5 5. cxd5 d6 6. g3 g6 7. Bg2 Bg7 8. Nf3 0-0 9. 0-0 Re8 10. h3 Bd7 11. a4 Na6 12. Nd2 Nb4 13. Nc4 Bf5 14. Bf4 Ne4 15. Nxe4 Bxe4 16. Nxd6 Bxg2 17. Kxg2 Re7 18. h4 Rd7 19. Ne4 Rxd5 20. Qb3 Qe7 21. f3 h6 22. Rac1 Rad8 23. Qe3 Bd4 24. Qb3 Kh7 25. e3 Bg7 26. Nxc5 Rxc5 27. Rxc5 Qxc5 28. Qxf7 Rd2+ 29. Kh3 Nd3 30. g4 Rxb2 31. h5 gxh5 32. gxh5 Nxf4+ 33. exf4 Qc2 34. Rh1 Qg2+ 0-1

[Event "Dortmund Sparkassen op-A"]
[Site "Dortmund"]
[Date "2013.07.31"]
[Round "5"]
[White "Krueger, Andre"]
[Black "Nielsen, Frode Benedikt"]
[Result "1/2-1/2"]
[WhiteElo "2120"]
[BlackElo "2015"]
[PlyCount "147"]
[EventDate "2013.07.27"]
[EventType "swiss"]
[EventRounds "9"]
[EventCountry "GER"]
[SourceTitle "CBM 155 Extra"]
[Source "ChessBase"]
[SourceDate "2013.08.26"]
[SourceVersion "1"]
[SourceVersionDate "2013.08.26"]
[SourceQuality "1"]

1. d4 Nf6 2. Bg5 c5 3. Bxf6 exf6 4. d5 Qb6 5. Qc1 Bd6 6. g3 0-0 7. Bg2 Re8 8. e3 Be5 9. c3 f5 10. Ne2 Qa6 11. Qc2 d6 12. 0-0 Nd7 13. Re1 g6 14. Nd2 Rb8 15. c4 b5 16. cxb5 Rxb5 17. Nc4 Bg7 18. Rad1 Ne5 19. Nxe5 Bxe5 20. b3 Bd7 21. Bf1 Rbb8 22. Nd4 Qb6 23. Nf3 Bb5 24. Bxb5 Qxb5 25. Nd2 a5 26. Nc4 Qa6 27. Rc1 Qa8 28. Red1 Rbd8 29. a3 h5 30. Rd3 h4 31. Qd2 hxg3 32. hxg3 a4 33. Nb6 Qb7 34. Nxa4 Ra8 35. Qc2 Kg7 36. Kg2 Rh8 37. Qc4 f4 38. exf4 Bd4 39. Rdd1 Rae8 40. Rh1 Qe7 41. Nc3 Bxf2 42. Rxh8 Kxh8 43. Rc2 Bd4 44. Re2 Qd7 45. Kf3 Kg7 46. Nb5 Rxe2 47. Qxe2 Qh3 48. Nxd4 cxd4 49. Qg2 Qf5 50. Qb2 Qxd5+ 51. Kf2 f6 52. b4 d3 53. Ke3 g5 54. Qc3 Qg2 55. Qc7+ Kg6 56. Kxd3 Qxg3+ 57. Kc2 Qxf4 58. Qd8 Qc4+ 59. Kb2 Qd4+ 60. Kb3 d5 61. Qe8+ Kf5 62. Qd7+ Kf4 63. b5 Qc4+ 64. Kb2 d4 65. Qc6 Qe2+ 66. Kb3 d3 67. Qxf6+ Kg4 68. Qd4+ Kg3 69. Qg1+ Kf3 70. Qxg5 Qc2+ 71. Kb4 Qb2+ 72. Kc4 Qxa3 73. Qd2 Qa4+ 74. Kc5 1/2-1/2

[Event "Dortmund Sparkassen op-A"]
[Site "Dortmund"]
[Date "2013.07.27"]
[Round "1"]
[White "Nielsen, Frode Benedikt"]
[Black "Webb, Laurence"]
[Result "0-1"]
[WhiteElo "2015"]
[BlackElo "2286"]
[PlyCount "90"]
[EventDate "2013.07.27"]
[EventType "swiss"]
[EventRounds "9"]
[EventCountry "GER"]
[SourceTitle "CBM 155 Extra"]
[Source "ChessBase"]
[SourceDate "2013.08.26"]
[SourceVersion "1"]
[SourceVersionDate "2013.08.26"]
[SourceQuality "1"]

1. e4 e6 2. Qe2 Nc6 3. f4 Nge7 4. Nf3 d5 5. c3 dxe4 6. Qxe4 Qd5 7. Qxd5 exd5 8. d4 f6 9. Bd3 Bf5 10. Bxf5 Nxf5 11. g4 Nd6 12. f5 h5 13. Rg1 hxg4 14. Rxg4 Nxf5 15. Bf4 0-0-0 16. h4 Bd6 17. Bxd6 cxd6 18. Kf2 Rh5 19. Nbd2 Rdh8 20. Re1 Kd7 21. Nf1 R8h7 22. Ng3 Nxg3 23. Rxg3 Ne7 24. Reg1 Nf5 25. Rg6 Ke7 26. c4 dxc4 27. d5 Kf7 28. R6g4 b5 29. a4 Nxh4 30. axb5 Rf5 31. R1g3 Nxf3 32. Rxf3 Rh2+ 33. Kg3 Rxf3+ 34. Kxf3 Rxb2 35. Rxc4 Rxb5 36. Rc7+ Kg6 37. Ke4 f5+ 38. Kd4 Kf6 39. Rxa7 Rb4+ 40. Kd3 Rg4 41. Ra8 Ke5 42. Ra5 g5 43. Ke3 Rg3+ 44. Ke2 f4 45. Kf2 Rd3 0-1

[Event "Nordea Cup-B"]
[Site "Hillerod"]
[Date "2013.05.21"]
[Round "4"]
[White "Nielsen, Frode Benedikt"]
[Black "Linderod, Lars Erik"]
[Result "1/2-1/2"]
[WhiteElo "1893"]
[BlackElo "1841"]
[PlyCount "39"]
[EventDate "2013.04.30"]
[EventType "tourn"]
[EventRounds "7"]
[EventCountry "DEN"]
[SourceTitle "EXT 2023"]
[Source "ChessBase"]
[SourceDate "2022.10.05"]
[SourceVersion "1"]
[SourceVersionDate "2022.10.05"]
[SourceQuality "1"]

1. e4 d6 2. Nc3 g6 3. Bc4 Nf6 4. d3 Bg7 5. Be3 Nc6 6. Qd2 Ng4 7. Bg5 h6 8. Bh4 Nge5 9. Bb3 Nd4 10. Ba4+ Bd7 11. Bxd7+ Qxd7 12. 0-0-0 0-0-0 13. h3 g5 14. Bg3 Ng6 15. Nge2 f5 16. Nxd4 Bxd4 17. f3 fxe4 18. dxe4 Be5 19. Bxe5 Nxe5 20. Qd4 1/2-1/2

[Event "DEN-ch G5-A"]
[Site "Helsingor"]
[Date "2013.03.30"]
[Round "3"]
[White "Knudsen, Joachim"]
[Black "Nielsen, Frode Benedikt"]
[Result "1-0"]
[WhiteElo "1950"]
[BlackElo "2042"]
[PlyCount "155"]
[EventDate "2013.03.28"]
[EventType "swiss"]
[EventRounds "5"]
[EventCountry "DEN"]
[SourceTitle "EXT 2023"]
[Source "ChessBase"]
[SourceDate "2022.10.05"]
[SourceVersion "1"]
[SourceVersionDate "2022.10.05"]
[SourceQuality "1"]

1. d4 Nf6 2. c4 c5 3. d5 e6 4. Nc3 exd5 5. cxd5 d6 6. Nf3 g6 7. Nd2 Bg7 8. e4 0-0 9. Be2 Re8 10. 0-0 h5 11. h3 b6 12. a4 Ba6 13. Ra3 Bxe2 14. Qxe2 Nbd7 15. f4 Nxe4 16. Ncxe4 f5 17. Qf3 fxe4 18. Nxe4 Qe7 19. Ng5 Qe2 20. Ne6 Qxf3 21. Raxf3 Bd4+ 22. Kh1 Rac8 23. Rg3 Kf7 24. f5 g5 25. Rxg5 Rg8 26. Rxh5 Nf6 27. Rh4 Nxd5 28. Nxd4 cxd4 29. Rxd4 Nf6 30. h4 Rc2 31. Bg5 Nh7 32. Rc1 Rc5 33. Rxc5 bxc5 34. Rxd6 Nxg5 35. hxg5 Rxg5 36. Rd5 Rg4 37. Rxc5 Rxa4 38. Rc2 Rf4 39. Rc5 Ra4 40. Rb5 Kf6 41. Kh2 a6 42. Rb6+ Kxf5 43. Kh3 Kg5 44. Rb8 Ra2 45. Kg3 Ra4 46. Kf3 Kf5 47. b3 Ra3 48. g4+ Kg5 49. Kg3 a5 50. Rb5+ Kg6 51. Kh4 a4 52. Rb6+ Kg7 53. b4 Rd3 54. Ra6 a3 55. Kh5 Rd5+ 56. g5 Rb5 57. Ra7+ Kf8 58. Kg6 Rxb4 59. Ra8+ Ke7 60. Rxa3 Kf8 61. Ra8+ Ke7 62. Kg7 Rh4 63. Ra6 Rh5 64. Ra7+ Ke8 65. Kf6 Rh1 66. Ra8+ Kd7 67. Kf7 Rf1+ 68. Kg7 Ke7 69. g6 Rh1 70. Kg8 Rh2 71. Kg7 Rh1 72. Rh8 Ra1 73. Rh3 Re1 74. Kh7 Kf6 75. g7 Re7 76. Rf3+ Kg5 77. Kh8 Kh6 78. g8N+ 1-0

[Event "Rostock SSC 07 op 11th"]
[Site "Rostock"]
[Date "2012.08.03"]
[Round "5"]
[White "Moehn, Hans"]
[Black "Nielsen, Frode Benedikt"]
[Result "1-0"]
[WhiteElo "2090"]
[BlackElo "2043"]
[PlyCount "51"]
[EventDate "2012.08.01"]
[EventType "swiss"]
[EventRounds "7"]
[EventCountry "GER"]
[SourceTitle "EXT 2017"]
[Source "ChessBase"]
[SourceDate "2016.10.25"]
[SourceVersion "1"]
[SourceVersionDate "2016.10.25"]
[SourceQuality "1"]

1. e4 e5 2. Nf3 Nc6 3. Bb5 Nge7 4. Nc3 g6 5. d4 exd4 6. Nd5 Nxd5 7. exd5 Qe7+ 8. Kf1 Ne5 9. Qxd4 f6 10. Bf4 c5 11. dxc6 Nxf3 12. cxb7 Bxb7 13. gxf3 Kf7 14. Re1 Qd8 15. Bxd7 Bxf3 16. Be6+ Kg7 17. Qe3 g5 18. Qxf3 Bb4 19. c3 gxf4 20. cxb4 Rb8 21. Rd1 Qe8 22. Rd7+ Kh6 23. Qxf4+ Kg6 24. Rg1+ Kh5 25. Rd5+ f5 26. Rxf5# 1-0

[Event "Rostock SSC 07 op 11th"]
[Site "Rostock"]
[Date "2012.08.01"]
[Round "1"]
[White "Szortyka, Dominik"]
[Black "Nielsen, Frode Benedikt"]
[Result "0-1"]
[WhiteElo "1546"]
[BlackElo "2043"]
[PlyCount "56"]
[EventDate "2012.08.01"]
[EventType "swiss"]
[EventRounds "7"]
[EventCountry "GER"]
[SourceTitle "EXT 2017"]
[Source "ChessBase"]
[SourceDate "2016.10.25"]
[SourceVersion "1"]
[SourceVersionDate "2016.10.25"]
[SourceQuality "1"]

1. e4 e5 2. f4 c6 3. Nf3 d5 4. Nc3 Bg4 5. Be2 Nf6 6. d3 Bc5 7. fxe5 dxe4 8. Ng5 Qd4 9. Ngxe4 Nxe4 10. Nxe4 Bxe2 11. Qxe2 0-0 12. c3 Qd5 13. d4 Bb6 14. 0-0 Nd7 15. Kh1 Rae8 16. Qg4 f5 17. Rxf5 Rxf5 18. Qxf5 Rf8 19. Nf6+ Rxf6 20. Qd3 Nxe5 21. Qe2 Qe4 22. Be3 Ng4 23. Qc4+ Kh8 24. Bg1 Bc7 25. Qb4 Nf2+ 26. Bxf2 Rxf2 27. Rg1 Qh4 28. h3 Qxh3+ 0-1

[Event "Politiken Cup 33rd"]
[Site "Helsingor"]
[Date "2011.08.04"]
[Round "7"]
[White "Percivaldi, Martin"]
[Black "Nielsen, Frode Benedikt"]
[Result "1-0"]
[WhiteElo "1838"]
[BlackElo "2028"]
[PlyCount "107"]
[EventDate "2011.07.30"]
[EventType "swiss"]
[EventRounds "10"]
[EventCountry "DEN"]
[SourceTitle "CBM 143 Extra"]
[Source "ChessBase"]
[SourceDate "2011.08.29"]
[SourceVersion "1"]
[SourceVersionDate "2011.08.29"]
[SourceQuality "1"]

1. d4 f5 2. g3 Nf6 3. Bg2 e6 4. c4 d5 5. Nf3 c6 6. 0-0 Ne4 7. b3 Na6 8. Ne5 Bd6 9. f3 Ng5 10. Ba3 Nb4 11. h4 Nf7 12. Nxf7 Kxf7 13. f4 a5 14. c5 Be7 15. Nd2 b6 16. cxb6 Qxb6 17. Bb2 c5 18. Nf3 Re8 19. Rf2 Ba6 20. Bf1 Nc6 21. e3 Bxf1 22. Kxf1 a4 23. Ne5+ Nxe5 24. fxe5 g6 25. dxc5 Bxc5 26. Bd4 Qb5+ 27. Kg2 Be7 28. Rb1 Rec8 29. Rc2 axb3 30. Rxc8 Rxc8 31. axb3 Bb4 32. Qf1 Rc2+ 33. Kh3 Qxf1+ 34. Rxf1 Ke8 35. Ra1 Bc3 36. Ra8+ Kd7 37. Ra7+ Kc6 38. Rxh7 Bxd4 39. exd4 Rd2 40. Re7 Rxd4 41. Rxe6+ Kc5 42. Rxg6 Re4 43. Re6 f4 44. gxf4 Rxf4 45. h5 Rb4 46. h6 Rxb3+ 47. Kg4 Rb1 48. Kg5 d4 49. h7 Rb8 50. Rd6 Re8 51. Kf6 Rf8+ 52. Kg7 Re8 53. Rd7 d3 54. h8Q 1-0

[Event "Politiken Cup 33rd"]
[Site "Helsingor"]
[Date "2011.07.31"]
[Round "3"]
[White "Larsen, Eigil"]
[Black "Nielsen, Frode Benedikt"]
[Result "0-1"]
[WhiteElo "1811"]
[BlackElo "2028"]
[PlyCount "122"]
[EventDate "2011.07.30"]
[EventType "swiss"]
[EventRounds "10"]
[EventCountry "DEN"]
[SourceTitle "CBM 143 Extra"]
[Source "ChessBase"]
[SourceDate "2011.08.29"]
[SourceVersion "1"]
[SourceVersionDate "2011.08.29"]
[SourceQuality "1"]

1. e4 e5 2. Nf3 Nc6 3. Bb5 a6 4. Ba4 Nf6 5. 0-0 Nxe4 6. d4 b5 7. Bb3 d5 8. dxe5 Be6 9. c3 Bc5 10. Nbd2 Bg4 11. Nxe4 dxe4 12. Qxd8+ Rxd8 13. Ng5 Nxe5 14. Nxe4 Bb6 15. Ng3 0-0 16. Bg5 Rde8 17. Bc2 f6 18. Bf4 Rd8 19. h3 Be6 20. Rad1 Bc4 21. Rfe1 Nd3 22. Bxd3 Bxd3 23. Rd2 Bc4 24. Red1 Rxd2 25. Rxd2 Bxa2 26. Rd7 Re8 27. Bxc7 Be6 28. Rxg7+ Kxg7 29. Bxb6 Kg6 30. b4 Bc4 31. Bd4 Re1+ 32. Kh2 f5 33. f3 Bd5 34. Nh1 Bc4 35. Nf2 Re2 36. Kg3 Ra2 37. Bb6 Ra3 38. Bd4 Bf1 39. Nd1 a5 40. bxa5 Rxa5 41. Ne3 Bd3 42. Kf4 Ra8 43. Be5 Ra4+ 44. Bd4 b4 45. cxb4 Rxb4 46. Ke5 Ra4 47. Bb6 Rb4 48. Ba7 Kg5 49. Bc5 Rb5 50. Kd4 Bb1 51. Be7+ Kh5 52. g4+ fxg4 53. hxg4+ Kg6 54. g5 Rb7 55. Bf6 h6 56. f4 Rb4+ 57. Kd5 Rxf4 58. Be5 Ba2+ 59. Kc5 Re4 60. gxh6 Rxe5+ 61. Kd4 Re8 0-1

[Event "Valby K41 Aabent-ch 0809"]
[Site "Valby"]
[Date "2008.12.02"]
[Round "3"]
[White "Nielsen, Frode Benedikt"]
[Black "Sorensen, Dick"]
[Result "1-0"]
[WhiteElo "1973"]
[BlackElo "1873"]
[PlyCount "67"]
[EventDate "2008.11.11"]
[EventType "swiss"]
[EventRounds "9"]
[EventCountry "DEN"]
[SourceTitle "EXT 2023"]
[Source "ChessBase"]
[SourceDate "2022.10.05"]
[SourceVersion "1"]
[SourceVersionDate "2022.10.05"]
[SourceQuality "1"]

1. e4 c5 2. Nf3 e6 3. d4 cxd4 4. Nxd4 Nc6 5. Nc3 Qc7 6. Be3 Nf6 7. Bd3 a6 8. 0-0 b5 9. f4 Bc5 10. Nf5 Bxe3+ 11. Nxe3 d6 12. Ng4 Nxg4 13. Qxg4 0-0 14. f5 Ne5 15. Qg3 f6 16. Rad1 b4 17. Ne2 exf5 18. exf5 d5 19. Nf4 Qc5+ 20. Kh1 Re8 21. Nh5 Qf8 22. Be2 Bb7 23. Rd4 a5 24. Bb5 Re7 25. Nf4 Rc8 26. Ba4 Rc4 27. Rfd1 Rxd4 28. Rxd4 Qa8 29. Ne6 Nc4 30. Rg4 Rxe6 31. Rxg7+ Kh8 32. fxe6 Nxb2 33. Re7 Qg8 34. Re8 1-0